000 00615cam a22001934a 4500
001 15594502
005 20250603155645.0
008 090122s2006 gw b 000 0 eng c
020 _a3825889912 (pbk.)
020 _a9783825889913 (pbk.)
050 0 0 _aBP64.G4
_bS26 2006
100 1 _aSamwini, Nathan.
245 1 4 _aThe Muslim resurgence in Ghana since 1950 :
_bits effects upon Muslims and Muslim-Christian relations /
_cNathan Samwini.
260 _aBerlin :
_bLit,
_cc2006.
300 _a342 p. ;
_c21 cm.
650 0 _aIslam
_zGhana
_xHistory
650 0 _aIslam
_xRelations
_xChristianity.
942 _2lcc
_cBK
_n0
999 _c6226
_d6226